| Tag |
First Indicator |
Second Indicator |
Subfields |
| LEADER |
00000cam a2200000Ia 4500 |
| 001 |
in00001784792 |
| 005 |
20151025111751.0 |
| 008 |
031017s2003 le b 001 0 ara d |
| 020 |
|
|
|a 2745104195
|
| 035 |
|
|
|a (OCoLC)ocm53886944
|
| 040 |
|
|
|a TXA
|c TXA
|d UtOrBLW
|
| 049 |
|
|
|a TXAM
|
| 090 |
|
|
|a BP154
|b .A85 2003
|
| 100 |
0 |
|
|a Averroës,
|d 1126-1198.
|
| 245 |
1 |
0 |
|a Bidāyat al-mujtahid wa-nihāyat al-muqtaṣid /
|c taʼlīf Abī al-Walīd Muḥammad ibn Aḥmad ibn Muḥammad ibn Aḥmad ibn Rushd al-Qurṭubī al-Andalusī ; taḥqīq wa-taʻlīq wa-dirāsat ʻAlī Muḥammad Muʻawwaḍ, ʻĀdil Aḥmad ʻAbd al-Mawjūd.
|
| 250 |
|
|
|a al-Ṭabʻah 2.
|
| 264 |
|
1 |
|a Bayrūt, Lubnān :
|b Dār al-Kutub al-ʻIlmīyah,
|c 1996.
|
| 300 |
|
|
|a 6 volumes ;
|c 25 cm.
|
| 336 |
|
|
|a text
|b txt
|2 rdacontent
|
| 337 |
|
|
|a unmediated
|b n
|2 rdamedia
|
| 338 |
|
|
|a volume
|b nc
|2 rdacarrier
|
| 504 |
|
|
|a Includes bibliographical references and indexes.
|
| 650 |
|
0 |
|a Islamic law
|v Early works to 1800.
|
| 650 |
|
0 |
|a Islamic law
|x Interpretation and construction
|v Early works to 1800.
|
| 650 |
|
0 |
|a Malikites
|v Early works to 1800.
|
| 700 |
1 |
|
|a Muʻawwaḍ, ʻAlī Muḥammad.
|
| 700 |
1 |
|
|a ʻAbd al-Mawjūd, ʻĀdil Aḥmad.
|
| 994 |
|
|
|a E0
|b TXA
|
| 948 |
|
|
|a cataloged
|b h
|c 2003/12/11
|d o
|e kweimer
|f 9:19:26 am
|
| 999 |
|
|
|a MARS
|
| 999 |
f |
f |
|s 2ed81fcc-41f9-36c3-8bb0-99b402d65ccf
|i c4235671-04f8-393e-8505-6e26a9f978fb
|t 0
|
| 952 |
f |
f |
|p ric
|a Texas A&M University
|b Rellis Campus
|c Joint Library Facility
|d Remote Storage
|t 0
|e BP154 .A85 2003
|h Library of Congress classification
|i unmediated -- volume
|k v.6
|m A14830890898
|
| 952 |
f |
f |
|p ric
|a Texas A&M University
|b Rellis Campus
|c Joint Library Facility
|d Remote Storage
|t 0
|e BP154 .A85 2003
|h Library of Congress classification
|i unmediated -- volume
|k v.1
|m A14830890937
|
| 952 |
f |
f |
|p ric
|a Texas A&M University
|b Rellis Campus
|c Joint Library Facility
|d Remote Storage
|t 0
|e BP154 .A85 2003
|h Library of Congress classification
|i unmediated -- volume
|k v.4
|m A14830891056
|
| 952 |
f |
f |
|p ric
|a Texas A&M University
|b Rellis Campus
|c Joint Library Facility
|d Remote Storage
|t 0
|e BP154 .A85 2003
|h Library of Congress classification
|i unmediated -- volume
|k v.2
|m A14830890979
|
| 952 |
f |
f |
|p ric
|a Texas A&M University
|b Rellis Campus
|c Joint Library Facility
|d Remote Storage
|t 0
|e BP154 .A85 2003
|h Library of Congress classification
|i unmediated -- volume
|k v.5
|m A14830891098
|
| 952 |
f |
f |
|p ric
|a Texas A&M University
|b Rellis Campus
|c Joint Library Facility
|d Remote Storage
|t 0
|e BP154 .A85 2003
|h Library of Congress classification
|i unmediated -- volume
|k v.3
|m A14830891014
|
| 998 |
f |
f |
|a BP154 .A85 2003
|s v. 1-6
|t 0
|l Remote Storage
|